Visiones de antaño (Record no. 146406)

MARC details
000 -LEADER
campo de control de longitud fija 00542nam a2200181 i 4500
001 - NÚMERO DE CONTROL
campo de control 146406
003 - IDENTIFICADOR DE NÚMERO DE CONTROL
campo de control ES-MaACL
007 - CAMPO FIJO DE DESCRIPCIÓN FÍSICA--INFORMACIÓN GENERAL
campo de control de longitud fija t|
008 - DATOS DE LONGITUD FIJA--INFORMACIÓN GENERAL
campo de control de longitud fija 070907s1953 sp ||||1| spa d
080 ## - NÚMERO DE LA CLASIFICACIÓN DECIMAL UNIVERSAL
Número de la Clasificación Decimal Universal 914.641 M.(026)
080 ## - NÚMERO DE LA CLASIFICACIÓN DECIMAL UNIVERSAL
Número de la Clasificación Decimal Universal 946.41 M.(088)
100 1# - ENTRADA PRINCIPAL--NOMBRE DE PERSONA
Nombre de persona Traverso Masiello, Antonio.
9 (RLIN) 111251
245 10 - MENCIÓN DEL TÍTULO
Título Visiones de antaño
Resto del título : (Madrid antiguo) /
Mención de responsabilidad, etc. A. Traverso Masiello.
260 ## - PUBLICACIÓN, DISTRIBUCIÓN, ETC.
Lugar de publicación, distribución, etc. Madrid :
Nombre del editor, distribuidor, etc. [s.n.],
Fecha de publicación, distribución, etc. 1953.
300 ## - DESCRIPCIÓN FÍSICA
Extensión 178 p. :
Otras características físicas il. ;
Dimensiones 17 cm.
651 #4 - PUNTO DE ACCESO ADICIONAL DE MATERIA--NOMBRE GEOGRÁFICO
Nombre geográfico Madrid-
Subdivisión de forma Guías turísticas.
9 (RLIN) 8962
852 ## - LOCALIZACIÓN
Ubicación ES-MaACL
Número de control de estantería C-6367
Sublocalización o colección R.34901
Holdings
Estatus retirado Estado de pérdida Estado de daño No para préstamo Biblioteca de origen Biblioteca actual Ubicación en estantería Fecha de adquisición Fuente de adquisición Total de préstamos Signatura topográfica completa Código de barras Visto por última vez Precio de reemplazo Tipo de ítem Koha
        Biblioteca del Ateneo de Madrid Biblioteca del Ateneo de Madrid Sala Palomar 17/01/2008     C-6367 1152808 23/02/2023 23/02/2023 Libro impreso